| 000 | 00544nam a22001577a 4500 | ||
|---|---|---|---|
| 003 | OSt | ||
| 005 | 20240404104411.0 | ||
| 008 | 240404b |||||||| |||| 00| 0 eng d | ||
| 040 | _cCentral Library MRSPTU | ||
| 100 | _aMaha Prabhu (ਮਹਾਂਪ੍ਰਭੂ) | ||
| 245 |
_aFangshui De Chamatkari Upaa (ਫੈਂਗਸ਼ੁਈ ਦੇ ਚਮਤਕਾਰੀ ਉਪਾਅ) _bਤਰੱਕੀ, ਸਫਲਤਾ ਅਤੇ ਵਾਧੇ ਲਈ) |
||
| 250 | _a1st | ||
| 260 |
_aMansa (Punjab) _bUdaan Publications |
||
| 300 | _a108 | ||
| 942 |
_2ddc _cBK _n0 |
||
| 999 |
_c9989 _d9989 |
||